000 00498nam a2200157Ia 4500
008 160316s1961 xxu||||| |||| 00| 0 eng d
082 _a190.000000
_bRUS
100 _aRussell Bertrand
245 _aHistory of Western philosophy and its connection with political and social circumstances from the earliest times to the present day
250 _a
260 _aLondon
_bRoutledge
_c1961
300 _a842p
_b
_c
365 _bRs.348.65
650 _a1. Western Philosophy - History
700 _a
_a
999 _c13750
_d13750